[Event "40th Plunge Open-A 2020"]
[Site "Plunge"]
[Date "2020.07.16"]
[Round "6.3"]
[White "Butvilas, Aistis"]
[Black "Narmontas, Raimondas"]
[Result "1/2-1/2"]
[WhiteElo "2103"]
[BlackElo "2004"]
[Annotator "TA"]
[PlyCount "59"]
[EventDate "2020.07.13"]
[EventType "swiss"]
[EventCountry "LTU"]
[SourceTitle "playchess.com"]
[Source "ChessBase"]
[SourceQuality "1"]

{[%evp 9,59,-19,-23,-25,30,-3,0,-1,0,0,0,0,-1,0,-4,0,25,18,35,37,22,0,91,39,154,147,154,56,54,28,40,33,68,44,63,67,72,58,71,57,82,66,143,106,114,33,30,29,28,0,0,-11]} 1. d4 Nf6 2. c4 e6 3. Nc3 Bb4 4. f3 c5 5. d5 b5 6. e4 {E20: Nimzo-Indian: 4 g3 and 4 f3.} d6 (6... O-O $142) 7. Bd2 Bxc3 8. Bxc3 b4 9. Bd2 O-O {[#]} 10. Qc2 $146 ({Predecessor:} 10. Be3 exd5 11. cxd5 Nfd7 12. Ne2 f5 13. exf5 Rxf5 14. Ng3 Re5 15. Kf2 Qh4 16. Qd2 {½-½ (34) Aronian,L (2758)-Carlsen,M (2876) Douglas 2019}) 10... exd5 11. cxd5 Nbd7 12. Ne2 Ne5 13. Ng3 a5 14. Be2 Qb6 15. Be3 Bd7 (15... Ba6 $11 {keeps the balance.}) 16. O-O ({White should play} 16. Bg5 $1 $16) 16... Rfe8 {[#]} (16... Rfb8 $14) 17. Bg5 $1 $16 {[%cal Rg5f6] Hoping for Bxf6.} Kh8 {[#]} 18. Kh1 (18. Bxf6 $1 $16 gxf6 19. Nh5) 18... Ng8 $1 $14 19. Rae1 f6 20. Be3 Qb7 21. f4 $36 {[%mdl 2048] Black is under pressure.} Nf7 22. Bh5 Re7 23. Rd1 Ngh6 24. Bg1 Rae8 25. e5 Bb5 (25... fxe5 $14 26. fxe5 Nxe5) 26. e6 Bxf1 27. exf7 (27. Nxf1 $16 {And now Ne3 would win.} g6 28. exf7 Nxf7 29. Bf3) 27... Bxg2+ $1 28. Qxg2 Rf8 29. Bf3 {Black must now prevent Bxc5.} Qd7 30. Bf2 {Accuracy: White = 69%, Black = 68%.} 1/2-1/2

[Event "40th Plunge Open-A 2020"]
[Site "Plunge"]
[Date "2020.07.16"]
[Round "6.4"]
[White "Laurusas, Tomas"]
[Black "Sakalauskas, Vaidas"]
[Result "1/2-1/2"]
[WhiteElo "2511"]
[BlackElo "2335"]
[Annotator "TA"]
[PlyCount "33"]
[EventDate "2020.07.13"]
[EventType "swiss"]
[EventCountry "LTU"]
[SourceTitle "playchess.com"]
[Source "ChessBase"]
[SourceQuality "1"]

{[%evp 14,33,33,9,20,-16,4,-16,-4,-6,0,-40,-25,-81,-21,-35,-21,-14,-21,-118,-123,-113]} 1. d4 Nf6 2. c4 g6 3. g3 Bg7 4. Bg2 d5 5. Nf3 O-O 6. O-O dxc4 7. Na3 c5 8. Nxc4 Be6 {D77: Fianchetto Grünfeld: 6 0-0: Replies other than 6...c6.} 9. Ne3 Na6 10. dxc5 Nxc5 {The position is equal.} 11. Nd4 Bd7 12. Nc4 {[#]} Rc8 $146 ({Predecessor:} 12... Nfe4 13. Be3 Ba4 14. b3 Nc3 15. Qc2 Bxd4 16. bxa4 Bxe3 17. Nxe3 N5xa4 18. Bf3 Rb8 {0-1 (35) Banduka,Z-Kalod,R (2340) Martin 1996}) 13. Bf4 (13. b3 $11) 13... Ne6 (13... Ng4 $17 {White must now prevent ...b5.} 14. Nf3 Be6 15. Qxd8 Rfxd8) 14. Ne5 $11 Nxf4 15. gxf4 Ng4 16. Nxg4 (16. Nxd7 $11 {keeps the balance.} Qxd7 17. Nf3) 16... Bxg4 $17 17. h3 {Accuracy: White = 46%, Black = 86%.} 1/2-1/2

[Event "40th Plunge Open-A 2020"]
[Site "Plunge"]
[Date "2020.07.16"]
[Round "6.5"]
[White "Martinkus, Rolandas"]
[Black "Indriunas, Matas"]
[Result "0-1"]
[WhiteElo "2117"]
[BlackElo "2199"]
[Annotator "TA"]
[PlyCount "92"]
[EventDate "2020.07.13"]
[EventType "swiss"]
[EventCountry "LTU"]
[SourceTitle "playchess.com"]
[Source "ChessBase"]
[SourceQuality "1"]

{[%evp 13,92,26,27,23,33,0,7,7,34,34,51,39,78,63,75,47,94,75,174,182,170,46,80,68,76,47,27,-10,-11,-11,-5,-13,0,-127,0,-157,-20,-20,-20,0,24,29,34,-284,164,159,161,150,160,0,0,0,0,-110,-104,-148,-8,-41,-56,-48,-32,-91,-91,-2545,-2525,-2620,-1416,-29965,-29961,-29964,-29961,-29957,-12844,-29965,-29961,-29976,-29977,-29977,-5595,-29984,-29984]} 1. Nf3 Nf6 2. g3 g6 3. b3 Bg7 4. Bb2 O-O 5. Bg2 d6 6. d4 Nbd7 7. O-O Re8 {7...c6 is setting a new trend.} 8. Na3 {A49: 1 d4 Nf6 2 Nf3 g6 3 g3: Anti-King's Indian systems.} c6 {[#]} 9. e3 $146 ({Predecessor:} 9. Re1 Qc7 10. c4 e5 11. dxe5 dxe5 12. Qc2 Nc5 13. Rad1 Bf5 14. Qc1 a5 15. Nh4 Bc8 {0-1 (44) Manzi,L (2049)-Almeida,G (2054) Rio de Janeiro 2018}) 9... a5 10. c4 {The position is equal.} a4 11. b4 (11. bxa4 Nb6 $15) 11... Nb6 12. Nd2 Nfd7 13. Qc2 e5 14. d5 Qc7 15. Rfc1 f5 (15... Bf8 $16 {is a better defense.}) 16. dxc6 bxc6 17. b5 ({White should play} 17. e4 $1 $18) 17... e4 $14 18. Bxg7 Kxg7 19. f3 exf3 20. Nxf3 c5 21. e4 fxe4 22. Ng5 Nf6 23. Rf1 (23. Qb2 $11 d5 24. cxd5) 23... Bf5 (23... Qe7 $17 24. Rae1 Bf5) 24. g4 $2 (24. Qb2 $1 $11 Qe7 25. Bxe4) 24... h6 (24... Nxg4 $17 {White must now prevent ...d5.} 25. Qc3+ Kg8) 25. gxf5 $11 hxg5 26. fxg6 Re5 27. Rxf6 $1 (27. Qf2 Qe7 $15) 27... Kxf6 28. Bxe4 $2 {[%mdl 8192]} (28. Rf1+ $1 $14 {is the one way to stay ahead.} Kxg6 29. Bxe4+ {[%mdl 64] Double Attack} Kg7 30. Bxa8 Nxa8 31. Qc3 (31. Qf2 Qe7 $11)) 28... Kg7 $4 {[%mdl 8192]} (28... Rf8 $1 $19 {and life is good for Black. Threatens to win with ...Qe7.} 29. Rf1+ Kg7 30. Rxf8 Kxf8) 29. Bxa8 $18 Nxa8 30. Rf1 ({Don't do} 30. Qxa4 $6 Re2 $14) 30... Qc8 {[#]} 31. Qd1 $2 ({White must play} 31. Rf7+ $1 $16 Kg8 32. Qd1) 31... Qh3 $11 32. Nc2 Nb6 33. Rf3 (33. Qxd6 $11 {keeps the balance.} Qg4+ {[%mdl 64] Double Attack} 34. Kh1 Qe4+ {[%mdl 64] Double Attack} 35. Kg1 Qg4+ 36. Kh1 Qe4+ {[%mdl 64] Double Attack} 37. Kg1 Qg4+) 33... Qg4+ $17 34. Kf2 Qe6 (34... Qxc4 $17 {Strongly threatening ...Nd5.} 35. a3 (35. Qxd6 $2 Re2+ {[%mdl 64] Double Attack} 36. Kg1 Qg4+ {[%mdl 64] Double Attack} 37. Rg3 Qf5 $19 {[%mdl 64] Double Attack}) 35... d5) 35. Ne3 {And now Qd3 would win.} (35. Qd3 $5 {[%cal Rc2e3]} Nxc4 36. Rf7+ Kg8 37. b6 Nxb6 {[%mdl 64] Discovered Attack} 38. Ne3 $11) 35... Nxc4 36. Ng4 {aiming for Rf7+.} Rf5 37. Qd3 (37. Rxf5 $15 Qxf5+ 38. Kg1) 37... Rxf3+ 38. Kxf3 $4 {[%mdl 8192] [#]} (38. Qxf3 $17 Nb6 39. Kg3) 38... Qxg4+ $1 $19 {[%mdl 576] Remove Defender} 39. Kxg4 Ne5+ {[%mdl 64] Double Attack} 40. Kxg5 Nxd3 {[%mdl 4096] Endgame KN-KP} 41. b6 Ne5 42. b7 Nd7 43. h4 c4 {[%cal Bc5c4,Bc4c3][%mdl 32]} 44. h5 c3 45. h6+ Kg8 46. g7 {[#]} Kf7 $1 {What a fight! Accuracy: White = 48%, Black = 66%.} 0-1

[Event "40th Plunge Open-A 2020"]
[Site "Plunge"]
[Date "2020.07.16"]
[Round "6.6"]
[White "Leclere, Daniel"]
[Black "Stremavicius, Pijus"]
[Result "0-1"]
[WhiteElo "1751"]
[BlackElo "2163"]
[Annotator "TA"]
[PlyCount "54"]
[EventDate "2020.07.13"]
[EventType "swiss"]
[EventCountry "LTU"]
[SourceTitle "playchess.com"]
[Source "ChessBase"]
[SourceQuality "1"]

{[%evp 15,54,58,64,46,55,58,79,62,88,97,126,115,140,103,167,159,169,179,168,146,135,131,150,160,158,149,179,96,99,71,50,-43,-39,-478,-474,-476,-464,-665,-554,-1086,-1073]} 1. e4 b6 2. c4 Bb7 3. Nc3 c5 4. Nf3 d6 5. d4 cxd4 6. Nxd4 Nf6 7. f3 e6 8. Be3 Be7 9. Qd2 {A31: Symmetrical English: 2 Nf3 Nf6 3 d4.} a6 10. O-O-O Qc7 11. Kb1 {White is better.} Nbd7 12. g4 h6 13. Be2 {[#]} Rc8 $146 ({Predecessor:} 13... O-O-O 14. h4 Ne5 15. Rc1 Kb8 16. b3 Rc8 17. Rhg1 Ng6 18. h5 Nf8 19. Kb2 N8d7 {1-0 (42) Szabo,A (2274)-Solcanean,S (2220) Satu Mare 2002}) 14. Rc1 Nc5 (14... Ne5 $16) 15. h4 $18 Nfxe4 16. fxe4 Nxe4 17. Qc2 Nxc3+ 18. Qxc3 Bxh1 19. Rxh1 Bf6 20. Qe1 {[%mdl 1024] White has strong compensation.} Ke7 21. b3 (21. Rf1 $18) 21... b5 $16 {[%cal Rb5c4]} 22. cxb5 (22. Rf1 {seems wilder.} bxc4 23. Bxc4 Qb7 24. Bd3 Qd5 25. Qf2) 22... axb5 {[#] ...Bxd4 is the strong threat.} 23. Bxb5 (23. Qd2 $14) 23... Qb7 $1 $15 {[%cal Rb7e4] Strongly threatening ...Qe4+.} ({Much weaker is} 23... Bxd4 $6 24. Bxd4 Qc2+ 25. Ka1 $16) 24. Bc6 $2 {[%mdl 8192] White does not recover from this.} (24. a4 $1 $15) 24... Rxc6 $19 {Black is clearly winning.} 25. Nxc6+ Qxc6 26. Bf4 (26. Bc1 $142 Bc3 27. Qd1 Qe4+ 28. Qc2 Qxh1 29. Qxc3) 26... Qd5 27. Rh3 Qd4 {Accuracy: White = 43%, Black = 61%.} 0-1

[Event "40th Plunge Open-A 2020"]
[Site "Plunge"]
[Date "2020.07.16"]
[Round "6.7"]
[White "Salna, Aleksandras"]
[Black "Greicius, Pijus"]
[Result "1-0"]
[WhiteElo "2063"]
[BlackElo "1893"]
[Annotator "TA"]
[PlyCount "73"]
[EventDate "2020.07.13"]
[EventType "swiss"]
[EventCountry "LTU"]
[SourceTitle "playchess.com"]
[Source "ChessBase"]
[SourceQuality "1"]

{[%evp 18,73,29,25,27,18,60,56,54,50,67,62,83,80,81,77,90,94,93,102,138,91,81,89,121,118,122,118,128,118,147,152,146,148,145,104,100,104,146,141,200,200,200,193,193,188,184,184,216,202,255,252,187,191,428,420,514,486]} 1. d4 Nf6 2. c4 e6 3. Nc3 d5 4. cxd5 exd5 5. Bg5 c6 6. e3 Bf5 7. Qf3 Bg6 8. Bxf6 Qxf6 9. Qxf6 gxf6 10. Nf3 Nd7 {[%cal Bb8d7,Bd7f6,Bf6g4][%mdl 32] D35: Queen's Gambit Declined: Exchange Variation.} 11. Nh4 f5 12. g3 Be7 {White is slightly better.} 13. Ne2 {[#]} O-O-O $146 ({Predecessor:} 13... Bxh4 14. gxh4 Nf6 15. Nf4 Nh5 16. Kd2 Nxf4 17. exf4 a5 18. Be2 h5 19. Rae1 Kd7 {½-½ (54) Ding,L (2791)-Anand,V (2753) chess.com INT 2020}) 14. Nf4 Nf6 15. Bh3 Ng4 16. Ke2 Bxh4 17. gxh4 Nf6 18. Rhg1 Nh5 19. Nxh5 Bxh5+ 20. Kd2 Bg4 21. Bxg4 fxg4 22. Rxg4 $16 {[%mdl 4096] Endgame KRR-KRR} Rhg8 23. Rag1 Rxg4 24. Rxg4 {KR-KR} Rd6 25. Rg8+ Kc7 26. Ke2 Rh6 27. Rg4 f5 {[#]} 28. Rg7+ $1 Kc8 (28... Kb6 $16) 29. Kf3 $18 Rxh4 30. Kg3 Rh6 31. h4 a5 32. Rg5 b5 33. Rxf5 Kc7 34. h5 Kd6 35. Kg4 {[#] Kg5 is the strong threat.} Re6 $2 (35... Ke7 {was worth a try.} 36. Re5+ Kf8) 36. Rf7 h6 37. Kf5 {Accuracy: White = 90%, Black = 55%.} 1-0

[Event "40th Plunge Open-A 2020"]
[Site "Plunge"]
[Date "2020.07.16"]
[Round "6.8"]
[White "Zilinskas, Vaidotas"]
[Black "Povilaitis, Tomas"]
[Result "1/2-1/2"]
[WhiteElo "1976"]
[BlackElo "1832"]
[Annotator "TA"]
[PlyCount "48"]
[EventDate "2020.07.13"]
[EventType "swiss"]
[EventCountry "LTU"]
[SourceTitle "playchess.com"]
[Source "ChessBase"]
[SourceQuality "1"]

{[%evp 14,48,3,0,46,43,47,0,0,-34,-23,-79,-68,-161,-148,-137,-129,-271,-287,-532,-523,-875,-68,-75,-66,-68,22,16,8,-86,0,0,14,-94,0,0,796]} 1. c4 e5 2. Nc3 Nc6 3. g3 Bb4 4. Bg2 Nf6 5. d3 Bxc3+ 6. bxc3 O-O 7. e4 d6 8. Ne2 Ne8 {A22: English Opening: 1...e5 2 Nc3 Nf6.} 9. O-O f5 10. f4 fxe4 {[#]} 11. Bxe4 $146 {[#] And now Bd5+ would win.} (11. fxe5 $5 {[%cal Rf1f8]} Rxf1+ 12. Qxf1 dxe5 13. Bxe4 $11) ({Predecessor:} 11. dxe4 Be6 12. c5 dxc5 13. fxe5 Rxf1+ 14. Qxf1 Nxe5 15. Ba3 b6 16. Nf4 Bc4 17. Qf2 {0-1 (25) Blocks,G-Haustein,U Willingen 2001}) 11... Bh3 $1 12. Rf2 (12. Re1 $11 {keeps the balance.}) 12... Nf6 $17 13. Bh1 ({White should play} 13. Bd5+ $15 Nxd5 14. cxd5) 13... Ng4 $19 14. Rf3 Qe8 15. Bd2 (15. Rb1 $17 {was called for.}) 15... Qh5 16. fxe5 $2 (16. c5 {is a better defense.} Kh8 17. cxd6) 16... dxe5 17. d4 {[#]} Nxh2 $2 ({Not} 17... Bf1 18. h4 $11) (17... Bg2 $1 $19 {[%csl Gg4][%cal Rh5h2][%mdl 512]} 18. Rxf8+ (18. Kxg2 Qxh2+) 18... Rxf8) 18. Rxf8+ $15 Rxf8 19. Nf4 Qf5 (19... Qxd1+ $15 20. Rxd1 Bg4 21. Bd5+ Rf7) 20. Bd5+ $11 Kh8 21. Be6 (21. Kxh2 $11 exf4 22. Bxf4) 21... Qe4 (21... Qg5 $17 22. Nxh3 Qxg3+ 23. Kh1 Rf2 24. Nxf2 Nf3 25. Qxf3 {[%mdl 64] Remove Defender} Qxf3+ 26. Kg1 Qg3+ 27. Kf1 exd4 28. cxd4 Nxd4) 22. Bd5 Qf5 $1 23. Be6 (23. Kxh2 $11 exf4 24. Bxf4) 23... Qe4 ({Better is} 23... Qg5 $17 24. Nxh3 Qxg3+ 25. Kh1 Rf2 26. Nxf2 Nf3 27. Qxf3 {[%mdl 64] Remove Defender} Qxf3+ 28. Kg1 Qg3+ 29. Kf1 exd4) 24. Bd5 Rxf4 $4 {[%mdl 40960] Never resign too early! Accuracy: White = 37%, Black = 46%. . An unexpected result.} (24... Qf5 $11 25. Kxh2 exf4 26. Bxf4 Ne7) 1/2-1/2

[Event "40th Plunge Open-A 2020"]
[Site "Plunge"]
[Date "2020.07.16"]
[Round "6.9"]
[White "Eigminas, Kipras"]
[Black "Sarauskas, Andrius"]
[Result "1/2-1/2"]
[WhiteElo "2116"]
[BlackElo "1900"]
[Annotator "TA"]
[PlyCount "41"]
[EventDate "2020.07.13"]
[EventType "swiss"]
[EventCountry "LTU"]
[SourceTitle "playchess.com"]
[Source "ChessBase"]
[SourceQuality "1"]

{[%evp 10,41,29,4,34,0,24,9,32,-27,-17,-34,-36,-82,-77,-81,-73,-102,-112,-139,-119,-162,-133,-158,-140,-140,-140,-140,-142,-144,-133,-131,-136,-143]} 1. e4 c6 2. Nc3 d5 3. Nf3 Bg4 4. h3 Bxf3 5. Qxf3 e6 6. d3 g6 {B11: Caro-Kann: Two Knights Variation.} 7. Qg3 Nf6 8. Be2 Nbd7 {The position is equal.} 9. f4 ({White should play} 9. O-O $14) 9... Qb6 {[#]} 10. e5 $146 ({Predecessor:} 10. Bd2 Bb4 11. e5 Ng8 12. a3 Bxc3 13. bxc3 Ne7 14. Bc1 Nf5 15. Qf2 h5 16. g3 {1-0 (53) Hovsepyan,V (2072)-Pietsch,M (2180) Germany 2014}) 10... d4 11. exf6 {[#] Hoping for Ne4.} dxc3 12. bxc3 Nxf6 13. Qe3 Bg7 14. d4 O-O 15. Bf3 Rac8 {Black is clearly better.} 16. Ba3 Rfe8 17. O-O Nd5 18. Bxd5 cxd5 19. Kh1 Qa5 20. Bb2 Qa4 21. Qd3 {Black took control after the opening. Accuracy: White = 49%, Black = 93%.} 1/2-1/2

[Event "40th Plunge Open-A 2020"]
[Site "Plunge"]
[Date "2020.07.16"]
[Round "6.10"]
[White "Jablokov, Dmitrij"]
[Black "Simkunaite, Gabija"]
[Result "0-1"]
[WhiteElo "1962"]
[BlackElo "1871"]
[Annotator "TA"]
[PlyCount "72"]
[EventDate "2020.07.13"]
[EventType "swiss"]
[EventCountry "LTU"]
[SourceTitle "playchess.com"]
[Source "ChessBase"]
[SourceQuality "1"]

{[%evp 24,72,70,58,67,66,104,75,75,63,55,47,79,65,77,43,87,64,71,87,67,47,100,103,116,106,108,103,110,79,75,77,103,98,99,95,72,-8,0,0,0,-12,-10,-14,-13,-14,-8,-327,-327,-506,-484]} 1. Nf3 d5 2. c4 e6 3. g3 Nf6 4. Bg2 Be7 5. O-O O-O 6. b3 c5 7. Bb2 Nc6 8. cxd5 exd5 9. d4 Bf5 10. Nc3 Rc8 11. dxc5 Bxc5 12. Rc1 Be7 13. Nd4 Bg6 {D30: Queen's Gambit Declined: Systems without Nc3.} 14. Bh3 Rb8 15. Nxc6 bxc6 {White is better.} 16. Na4 {[#]} Qe8 $146 ({Predecessor:} 16... Qd6 17. Bd4 Qa3 18. Bxa7 Rb7 19. Bd4 Qxa2 20. Rxc6 Qxb3 21. Qxb3 Rxb3 22. Nc5 Rb4 23. Bxf6 gxf6 {1-0 (80) Kvamme,J (2158)-Justinussen,S (1959) Helsingor 2015}) 17. Nc5 Bxc5 18. Rxc5 Ne4 $1 {[%cal Re4c5]} 19. Rc1 f5 20. Bg2 Rc8 21. Qd4 {[%csl Gb2][%cal Rd4g7]} Rf7 22. f4 Nd6 (22... Rd7 $14) 23. Rc2 $16 Qd7 24. Rfc1 Ne4 25. Qa4 {[%cal Rc2c6]} c5 {With the idea ...Qxa4.} 26. Qxd7 (26. Qa5 {is interesting.} h6 27. e3 Qd6 28. Qa3 Kh7 29. Be5) 26... Rxd7 27. Bxe4 fxe4 28. Rxc5 Rxc5 29. Rxc5 {[%mdl 4096] Endgame KRB-KRB} d4 {Threatening ...d3.} 30. Rc1 (30. Kf2 $16) 30... Bh5 31. Rc2 e3 32. Rc4 d3 $1 {[%cal Rd3d2]} 33. exd3 Rxd3 {Strongly threatening ...Rd1+.} 34. Rc1 Rd2 {aiming for ...Bf3.} 35. Bc3 $2 {[%mdl 8192] [#]} (35. Ba3 $1 $11) 35... Bf3 $1 $19 {[%mdl 512] ( -> ...Rg2+)} 36. Re1 (36. Bxd2 {is the only way for White.} exd2 37. Ra1 (37. Rc8+ $2 Kf7 $19)) 36... Rg2+ {Accuracy: White = 52%, Black = 89%.} 0-1

[Event "40th Plunge Open-A 2020"]
[Site "Plunge"]
[Date "2020.07.17"]
[Round "7.1"]
[White "Narmontas, Raimondas"]
[Black "Pultinevicius, Paulius"]
[Result "0-1"]
[WhiteElo "2004"]
[BlackElo "2512"]
[Annotator "TA"]
[PlyCount "68"]
[EventDate "2020.07.13"]
[EventType "swiss"]
[EventCountry "LTU"]
[SourceTitle "playchess.com"]
[Source "ChessBase"]
[SourceQuality "1"]

{[%evp 14,68,15,-36,-33,-32,-29,-29,0,-19,-10,-10,-7,-31,0,-12,0,-73,-83,-89,-87,-224,-199,-245,-261,-490,-481,-472,-455,-445,-429,-566,-556,-699,-698,-783,-612,-596,-481,-487,-484,-441,-474,-503,-437,-539,-530,-549,-493,-545,-543,-541,-537,-554,-554,-631,-633]} 1. d4 Nf6 2. c4 e6 3. Nf3 d5 4. Nc3 c6 5. cxd5 exd5 6. Bf4 Nbd7 7. e3 Nh5 {is cutting edge theory.} 8. Bg3 (8. Bg5 $11 Qb6 9. Rb1) 8... Nxg3 $15 {D35: Queen's Gambit Declined: Exchange Variation.} 9. hxg3 Bd6 10. Bd3 Qe7 {Black has an edge.} 11. Qc2 Nf6 {[%cal Bd7f6,Bf6g4,Bg4f2][%mdl 32]} 12. O-O-O Be6 13. Kb1 O-O-O {[#]} 14. Nb5 $146 ({Predecessor:} 14. Rc1 Kb8 15. Nd2 h5 16. Na4 Nd7 17. Nf3 g6 18. Nc5 Rc8 19. Ka1 Bg4 20. b4 {0-1 (54) Stanec,N (2504)-Hoelzl,F (2353) Tweng 2007}) 14... Bb8 15. Ne5 (15. Rc1 $11 {remains equal.}) 15... Bxe5 $1 $17 16. dxe5 Ng4 17. Nxa7+ {Loses the game.} (17. Nd4 $17 {might work better.}) 17... Kb8 $19 18. Nxc6+ bxc6 19. Qxc6 $2 (19. Ba6) 19... Nxf2 {[%mdl 64] [#] Double Attack. Black is clearly winning.} 20. Ba6 {Threatens to win with Rd4!} Nxd1 21. Qb6+ Ka8 22. Rxd1 {intending Rd4.} Rb8 23. Qa5 {[#] Rc1 is the strong threat.} Qa7 24. Rd4 Rb6 25. Ra4 Rxa6 26. Qxa6 Qxa6 27. Rxa6+ {[%mdl 4096] Endgame KRB-KR} Kb7 28. Ra5 Bf5+ 29. Ka1 Rc8 {[%cal Rc8c1]} 30. a4 Rc1+ 31. Ka2 Re1 32. Rb5+ Ka6 33. b4 Bd7 34. Ra5+ Kb7 {Accuracy: White = 49%, Black = 96%.} 0-1

[Event "40th Plunge Open-A 2020"]
[Site "Plunge"]
[Date "2020.07.17"]
[Round "7.2"]
[White "Juksta, Karolis"]
[Black "Vardanyan, Aras"]
[Result "1-0"]
[WhiteElo "2366"]
[BlackElo "2178"]
[Annotator "TA"]
[PlyCount "103"]
[EventDate "2020.07.13"]
[EventType "swiss"]
[EventCountry "LTU"]
[SourceTitle "playchess.com"]
[Source "ChessBase"]
[SourceQuality "1"]

{[%evp 13,103,35,38,38,39,34,31,37,47,32,54,46,48,45,54,44,50,71,79,79,79,79,72,73,75,76,73,79,97,82,70,38,200,170,422,270,255,168,722,437,430,425,385,293,320,240,237,216,214,193,275,181,270,200,206,203,181,177,215,213,213,193,230,215,408,343,408,408,427,354,364,358,357,357,343,328,459,375,449,444,445,441,412,417,1055,1043,29977,29978,29989,29990,29993,29994]} 1. d4 Nf6 2. c4 c5 3. d5 g6 4. Nc3 Bg7 5. e4 d6 6. Be2 O-O 7. Be3 e6 8. Nf3 {E73: King's Indian: Averbakh Variation without 6...c5.} Re8 9. Nd2 Na6 10. O-O {White is slightly better.} Nc7 11. a4 b6 12. Bg5 Rb8 13. f4 exd5 14. cxd5 {[#]} h6 $146 ({Predecessor:} 14... a6 15. Nc4 b5 16. Nxd6 Qxd6 17. e5 Qd7 18. exf6 Bf8 19. axb5 axb5 20. f5 b4 21. fxg6 hxg6 {½-½ (38) Summermatter,D (2340)-Umbach,A (2174) Scuol 2001}) 15. Bh4 Qd7 16. Bxf6 Bxf6 17. e5 dxe5 18. Nde4 Bg7 {Hoping for ...f5.} 19. d6 exf4 20. dxc7 Bd4+ 21. Kh1 Qxc7 22. Bc4 a6 $2 {Loses the game.} (22... Be6 $14 23. Nb5 Qe5 24. Bxe6 Rxe6) 23. Nd5 $36 {[%mdl 2048] White is really pushing.} Qc6 $2 (23... Qd8) 24. Rxf4 Bf5 25. Qf3 Re5 $2 (25... Kh8) 26. Ng3 Qe6 27. Nxf5 gxf5 28. Rxf5 Rxf5 {[#]} (28... Qxf5 $2 {[#] loses.} 29. Ne7+ $1 {[%mdl 512]} Rxe7 30. Qxf5 $18) 29. Qxf5 $1 {[%mdl 512]} b5 (29... Qxf5 30. Ne7+) 30. axb5 ({Inferior is} 30. Qf4 Be5 $15) 30... axb5 31. Bf1 {And now Qf3 would win.} ({Weaker is} 31. Qf4 Be5 $17) 31... c4 (31... Qxf5 {is a better defense.} 32. Ne7+ {[%mdl 64] Double Attack} Kh7 33. Nxf5 Bf6) 32. Rb1 {Threatens to win with Qxe6.} Kg7 (32... Qxf5 {was necessary.} 33. Ne7+ {[%mdl 64] Double Attack} Kh7 34. Nxf5 Be5) 33. Qxe6 fxe6 34. Nc3 Kf6 35. g3 Ke5 36. Ne2 Be3 37. Re1 {Black must now prevent Nf4.} Bf2 38. Ra1 b4 $2 (38... Be3 {was worth a try.} 39. Rd1 h5) 39. Rc1 Rc8 40. Nf4 c3 41. bxc3 Be3 42. Re1 Rxc3 43. Nd3+ {[%mdl 64] Double Attack} Kd4 44. Nxb4 Rc7 45. Rd1+ Ke4 46. Bg2+ Ke5 47. Nc6+ Kf6 48. Rf1+ Kg5 (48... Kg7 $142 49. Re1 Rd7 50. Rxe3 Rd1+ 51. Bf1 {[%mdl 64] Clearance} Rxf1+ 52. Kg2 Rf6) 49. Re1 Bb6 50. Rxe6 {White mates.} Rd7 51. Be4 Rd2 52. Ne5 {Accuracy: White = 68%, Black = 45%.} 1-0

[Event "40th Plunge Open-A 2020"]
[Site "Plunge"]
[Date "2020.07.17"]
[Round "7.3"]
[White "Sakalauskas, Vaidas"]
[Black "Salna, Aleksandras"]
[Result "1-0"]
[WhiteElo "2335"]
[BlackElo "2063"]
[Annotator "TA"]
[PlyCount "69"]
[EventDate "2020.07.13"]
[EventType "swiss"]
[EventCountry "LTU"]
[SourceTitle "playchess.com"]
[Source "ChessBase"]
[SourceQuality "1"]

{[%evp 17,69,15,14,6,0,-20,26,6,24,-14,56,2,24,14,8,4,76,83,100,102,78,68,102,110,168,52,60,52,72,16,38,0,122,128,126,120,133,127,141,97,385,385,544,536,616,562,610,561,1114,1087,1083,1079,1066,691]} 1. d4 Nf6 2. c4 c5 3. d5 b5 4. cxb5 a6 5. f3 axb5 6. e4 Qa5+ 7. Bd2 b4 8. Na3 d6 9. Nc4 Qd8 10. Ne2 {A57: Benko/Volga Gambit.} e6 11. dxe6 {[#]} Bxe6 $146 ({Predecessor:} 11... fxe6 12. e5 dxe5 13. Nxe5 Qd5 14. Bf4 Nbd7 15. Nxd7 Bxd7 16. b3 Qxd1+ 17. Rxd1 Rxa2 {½-½ (50) Ulko,J (2420)-Fominyh,A (2530) Nizhnij Novgorod 1998}) 12. Nf4 {White has an edge.} Nc6 13. Be2 Nd4 ({Black should try} 13... Be7 $11) 14. O-O (14. Be3 $14) 14... Be7 $11 15. Be3 Nxe2+ 16. Qxe2 Bc8 (16... O-O $11) 17. Rfd1 $16 {Strongly threatening e5.} Qc7 {[#]} 18. Qd2 $1 {[%cal Rc4d6]} Ra6 19. a3 Qa7 20. Qc1 bxa3 {[#]} (20... O-O $16) 21. Rxa3 ({Don't play} 21. bxa3 $6 O-O $14) (21. b4 $1 $18) 21... Rxa3 $14 22. bxa3 Qa6 23. Qc3 (23. e5 $16 dxe5 24. Nxe5) 23... O-O $11 24. Qd3 {[%cal Rc4d6]} Ne8 (24... g5 $11 25. Ne2 d5 26. exd5 Nxd5) 25. Nd5 $36 {[%mdl 2048] Black is under strong pressure.} Bd8 26. e5 Bf5 27. Qc3 Be6 28. exd6 Nxd6 $2 {[%mdl 8192] Loses the game.} (28... Nf6 $16 29. Ne7+ Bxe7 30. dxe7 Re8) 29. Nxd6 $18 Ba5 (29... Qxd6 $142 30. Bxc5 Qc6) 30. Qxc5 {White is clearly winning.} Qe2 31. Ne7+ Kh8 32. Rf1 Bc7 {intending ...Bxd6.} 33. Ndf5 Bxf5 34. Nxf5 {[%cal Rc5f8]} Rc8 35. Qd4 {Accuracy: White = 64%, Black = 47%.} 1-0